| 000 -NÁVESTIE |
| fixed length control field |
00959nmm a2200289 a 4500 |
| 001 - EVIDENČNÉ ČÍSLO ZÁZNAMU - Kontrolné číslo |
| control field |
vtls011857479 |
| 005 - DÁTUM A ČAS POSLEDNEJ TRANSAKCIE |
| control field |
20221010082722.0 |
| 007 - POLE PEVNEJ DĹŽKY PRE FYZICKÝ POPIS – VŠEOBECNE |
| fixed length control field |
cr nnannnanaua |
| 008 - ÚDAJE S PEVNOU DĹŽKOU – VŠEOBECNÉ INFORMÁCIE |
| fixed length control field |
190322s2019 xo f h slo c |
| 020 ## - MEDZINÁRODNÉ ŠTANDARDNÉ ČÍSLO KNIHY (ISBN) |
| Medzinárodné štandardné číslo knihy (ISBN) |
9788018078846 |
| 040 ## - ZDROJ KATALOGIZÁCIE |
| Pôvodná katalogizujúca agentúra |
LESKN |
| Jazyk katalogizácie |
slo |
| Prepisujúca agentúra |
LESKN |
| Konvencie popisu |
AACR2 |
| 041 1# - KÓD JAZYKA |
| Kód jazyka textu/zvukovej stopy alebo samostatných nápisov |
slo |
| Kód jazyka originálu a/alebo sprostredkujúcich prekladov textu |
swe |
| 044 ## - KÓD KRAJINY VYDAVATEĽA/PRODUCENTA |
| Kód krajiny MARC |
xo |
| Kód krajiny ISO |
SK |
| 072 #7 - KÓD PREDMETOVEJ KATEGÓRIE |
| Kód predmetovej kategórie |
821.11 |
| Pododdiel kódu predmetovej kategórie |
Germánske literatúry |
| Zdroj |
konspekt |
| 080 ## - ČÍSLO MEDZINÁRODNÉHO DESATINNÉHO TRIEDENIA (MDT) |
| Číslo Medzinárodného desatinného triedenia (MDT) |
821.113.6-31 |
| Identifikátor vydania |
2011 |
| 080 ## - ČÍSLO MEDZINÁRODNÉHO DESATINNÉHO TRIEDENIA (MDT) |
| Číslo Medzinárodného desatinného triedenia (MDT) |
(0:82-312.4) |
| Identifikátor vydania |
2011 |
| 080 ## - ČÍSLO MEDZINÁRODNÉHO DESATINNÉHO TRIEDENIA (MDT) |
| Číslo Medzinárodného desatinného triedenia (MDT) |
(086.76) |
| Identifikátor vydania |
2001 |
| 100 1# - OSOBNÉ MENÁ – VŠEOBECNÉ INFORMÁCIE |
| Osobné meno |
Mankell, Henning, |
| Dátumy súvisiace s menom |
1948-2015 |
| -- |
1714 |
| 245 10 - NÁZOV |
| Názov |
Kým príde mráz |
| Médium |
elektronický zdroj |
| Údaj o zodpovednosti atď. |
Henning Mankell ; číta: Dušan Kubaň |
| 260 ## - VYDAVATEĽSKÉ ÚDAJE, DISTRIBÚCIA ATĎ. |
| Miesto publikovania, distribúcie atď. |
Levoča |
| Názov vydavateľa, distibútora atď. |
Slovenská knižnica pre nevidiacich Mateja Hrebendu |
| Dátum publikovania, distribúcie atď. |
2019 |
| 300 ## - FYZICKÝ POPIS |
| Rozsah |
59 častí |
| 655 #7 - INDEXAČNÝ TERMÍN – ŽÁNER/FORMA |
| Údaje o žánri/forme alebo termín, ktorý je prvok fazety |
elektronické zdroje |
| Zdroj termínu |
SNKPH |
| -- |
3264 |
| 655 #7 - INDEXAČNÝ TERMÍN – ŽÁNER/FORMA |
| Údaje o žánri/forme alebo termín, ktorý je prvok fazety |
švédske romány |
| Zdroj termínu |
SNKPH |
| -- |
1715 |
| 655 #7 - INDEXAČNÝ TERMÍN – ŽÁNER/FORMA |
| Údaje o žánri/forme alebo termín, ktorý je prvok fazety |
detektívne romány |
| Zdroj termínu |
SNKPH |
| -- |
1710 |
| 700 1# - PRIDANÝ VSTUP – OSOBNÉ MENO |
| Osobné meno |
Kubaň, Dušan, |
| Dátumy súvisiace s menom |
1971-2022 |
| Kód roly |
nrt |
| -- |
3633 |
| 856 40 - ELEKTRONICKÁ LOKÁCIA A PRÍSTUP |
| Uniformný identifikátor zdroja |
<a href="http://www.skn.sk">http://www.skn.sk</a> |